[Event "DEM U8 2025"]
[Site "Willingen GER"]
[Date "2025.06.12"]
[Round "3"]
[White "Richter, Felix"]
[Black "Korneli, Jakob"]
[Result "1-0"]
[Termination "normal"]
[Board "20"]
[WhiteElo "1201"]
[BlackElo "1052"]
[WhiteClock "00:45:50"]
[BlackClock "00:06:21"]
[PlyCount "145"]
[WhiteFideId "533043663"]
[BlackFideId "533024588"]
[EventCountry "GER"]
[EventRounds "7"]
[EventType "swiss"]
[EventDate "2025.06.10"]

1. e4 {[%clk 01:00:30]} {[%emt 00:07:31]} e5 {[%clk 01:00:19]} {[%emt
00:00:12]} 2. Nf3 {[%clk 01:00:41]} {[%emt 00:00:04]} Nc6 {[%clk 00:59:59]}
{[%emt 00:00:34]} 3. d4 {[%clk 01:00:49]} {[%emt 00:00:08]} exd4 {[%clk
00:59:22]} {[%emt 00:00:51]} 4. Nxd4 {[%clk 01:00:54]} {[%emt 00:00:10]} Nf6
{[%clk 00:58:39]} {[%emt 00:00:58]} 5. Nc3 {[%clk 01:00:57]} {[%emt 00:00:12]}
Bb4 {[%clk 00:58:06]} {[%emt 00:00:47]} 6. Nxc6 {[%clk 01:00:24]} {[%emt
00:00:49]} bxc6 {[%clk 00:57:58]} {[%emt 00:00:23]} 7. e5 {[%clk 01:00:24]}
{[%emt 00:00:16]} Nd5 {[%clk 00:57:27]} {[%emt 00:00:45]} 8. Bd2 {[%clk
00:59:54]} {[%emt 00:00:45]} Nxc3 {[%clk 00:56:05]} {[%emt 00:01:36]} 9. Bxc3
{[%clk 00:57:58]} {[%emt 00:02:12]} Bxc3+ {[%clk 00:54:30]} {[%emt 00:01:50]}
10. bxc3 {[%emt 00:00:10]} O-O {[%clk 00:53:48]} {[%emt 00:00:55]} 11. Bc4
{[%clk 00:58:12]} {[%emt 00:00:09]} d5 {[%clk 00:52:15]} {[%emt 00:01:47]} 12.
exd6 {[%clk 00:58:05]} {[%emt 00:00:22]} cxd6 {[%clk 00:51:36]} {[%emt
00:00:54]} 13. O-O {[%emt 00:00:09]} d5 {[%clk 00:51:16]} {[%emt 00:00:34]} 14.
Bb3 {[%clk 00:58:06]} {[%emt 00:00:20]} Ba6 {[%clk 00:50:28]} {[%emt 00:01:04]}
15. Re1 {[%clk 00:58:13]} {[%emt 00:00:09]} Re8 {[%clk 00:50:27]} {[%emt
00:00:15]} 16. Qd4 {[%clk 00:57:40]} {[%emt 00:00:48]} Qb6 {[%clk 00:50:05]}
{[%emt 00:00:37]} 17. Qg4 {[%clk 00:57:05]} {[%emt 00:00:49]} Qc5 {[%clk
00:48:50]} {[%emt 00:01:31]} 18. Qd7 {[%clk 00:57:01]} {[%emt 00:00:19]} Red8
{[%clk 00:47:53]} {[%emt 00:01:13]} 19. Qh3 {[%clk 00:55:54]} {[%emt 00:01:19]}
Bc8 {[%clk 00:47:05]} {[%emt 00:01:05]} 20. Qh4 {[%clk 00:55:42]} {[%emt
00:00:27]} Be6 {[%clk 00:46:48]} {[%emt 00:00:32]} 21. Qg3 {[%clk 00:54:54]}
{[%emt 00:01:04]} Qd6 {[%clk 00:44:55]} {[%emt 00:02:07]} 22. Rad1 {[%clk
00:53:15]} {[%emt 00:01:53]} Qxg3 {[%clk 00:44:27]} {[%emt 00:00:43]} 23. fxg3
{[%clk 00:53:20]} {[%emt 00:00:10]} g6 {[%clk 00:43:48]} {[%emt 00:00:55]} 24.
Rd4 {[%clk 00:52:55]} {[%emt 00:00:40]} c5 {[%clk 00:43:08]} {[%emt 00:00:54]}
25. Rf4 {[%clk 00:52:32]} {[%emt 00:00:37]} c4 {[%clk 00:42:16]} {[%emt
00:01:09]} 26. Ba4 {[%clk 00:52:39]} {[%emt 00:00:08]} Rab8 {[%clk 00:41:18]}
{[%emt 00:01:13]} 27. Kf2 {[%clk 00:51:40]} {[%emt 00:01:13]} Kg7 {[%clk
00:40:48]} {[%emt 00:00:45]} 28. Ke3 {[%clk 00:50:34]} {[%emt 00:01:22]} f5
{[%clk 00:40:00]} {[%emt 00:01:03]} 29. Kd4 {[%clk 00:50:35]} {[%emt 00:00:14]}
Kf6 {[%clk 00:39:45]} {[%emt 00:00:30]} 30. h4 {[%clk 00:50:26]} {[%emt
00:00:24]} h5 {[%clk 00:39:29]} {[%emt 00:00:31]} 31. Re5 {[%clk 00:50:11]}
{[%emt 00:00:30]} Rb6 {[%clk 00:38:54]} {[%emt 00:00:50]} 32. Rf2 {[%clk
00:49:35]} {[%emt 00:00:50]} Rb2 {[%clk 00:38:23]} {[%emt 00:00:47]} 33. Rfe2
{[%clk 00:49:30]} {[%emt 00:00:19]} Rd6 {[%clk 00:38:10]} {[%emt 00:00:29]} 34.
Be8 {[%clk 00:49:08]} {[%emt 00:00:37]} Bc8 {[%clk 00:36:45]} {[%emt 00:01:41]}
35. a4 {[%clk 00:48:57]} {[%emt 00:00:25]} a5 {[%clk 00:36:32]} {[%emt
00:00:28]} 36. Bb5 {[%clk 00:49:01]} {[%emt 00:00:12]} Rb1 {[%clk 00:35:51]}
{[%emt 00:00:55]} 37. Rd2 {[%clk 00:48:52]} {[%emt 00:00:24]} Ra1 {[%clk
00:27:50]} {[%emt 00:08:16]} 38. Re8 {[%clk 00:48:29]} {[%emt 00:00:38]} Bd7
{[%clk 00:26:51]} {[%emt 00:01:14]} 39. Rd8 {[%clk 00:47:45]} {[%emt 00:00:59]}
Ke7 {[%clk 00:26:38]} {[%emt 00:00:28]} 40. Ra8 {[%clk 00:47:08]} {[%emt
00:00:52]} Bxb5 {[%clk 00:26:04]} {[%emt 00:00:49]} 41. axb5 {[%clk 00:47:07]}
{[%emt 00:00:17]} Kd7 {[%clk 00:23:27]} {[%emt 00:02:51]} 42. Ra7+ {[%clk
00:46:50]} {[%emt 00:00:32]} Kc8 {[%clk 00:23:12]} {[%emt 00:00:29]} 43. Kc5
{[%clk 00:46:54]} {[%emt 00:00:12]} Rf6 {[%clk 00:22:44]} {[%emt 00:00:43]} 44.
Re2 {[%emt 00:01:46]} Kb8 {[%clk 00:21:16]} {[%emt 00:00:28]} 45. Ree7 {[%clk
00:46:36]} {[%emt 00:00:17]} a4 {[%emt 00:01:06]} 46. Reb7+ {[%clk 00:46:31]}
Kc8 {[%clk 00:20:29]} {[%emt 00:00:30]} 47. b6 {[%clk 00:46:27]} {[%emt
00:00:19]} Rb1 {[%clk 00:17:40]} {[%emt 00:03:04]} 48. Rc7+ {[%clk 00:46:01]}
{[%emt 00:00:42]} Kb8 {[%clk 00:16:37]} {[%emt 00:01:17]} 49. Rd7 {[%clk
00:45:17]} {[%emt 00:00:56]} Rbxb6 {[%clk 00:16:22]} {[%emt 00:00:33]} 50. Rxa4
{[%clk 00:45:09]} {[%emt 00:00:23]} Kc8 {[%clk 00:14:13]} {[%emt 00:02:23]} 51.
Rh7 {[%clk 00:44:44]} {[%emt 00:00:40]} Rfd6 {[%clk 00:13:48]} {[%emt
00:00:41]} 52. Ra8+ {[%clk 00:44:44]} {[%emt 00:00:15]} Rb8 {[%clk 00:13:31]}
{[%emt 00:00:32]} 53. Rh8+ {[%clk 00:44:51]} {[%emt 00:00:08]} Rd8 {[%clk
00:11:30]} {[%emt 00:02:16]} 54. Rxb8+ {[%emt 00:00:51]} Kxb8 55. Rxd8+ {[%emt
00:00:13]} Kc7 {[%clk 00:10:26]} {[%emt 00:00:24]} 56. Rxd5 {[%clk 00:44:59]}
{[%emt 00:00:13]} g5 {[%clk 00:10:05]} {[%emt 00:00:36]} 57. Kxc4 {[%clk
00:44:58]} {[%emt 00:00:17]} gxh4 {[%clk 00:09:28]} {[%emt 00:00:50]} 58. gxh4
{[%clk 00:45:04]} {[%emt 00:00:09]} f4 {[%clk 00:09:19]} {[%emt 00:00:26]} 59.
Kc5 {[%clk 00:45:05]} {[%emt 00:00:13]} f3 {[%clk 00:09:07]} {[%emt 00:00:27]}
60. gxf3 {[%clk 00:45:13]} {[%emt 00:00:07]} Kb7 {[%clk 00:08:53]} {[%emt
00:00:29]} 61. Rd6 {[%clk 00:45:25]} {[%emt 00:01:16]} Kc7 {[%clk 00:08:44]}
{[%emt 00:00:24]} 62. f4 {[%clk 00:45:01]} {[%emt 00:00:38]} Kb7 {[%clk
00:08:42]} {[%emt 00:00:18]} 63. Rc6 {[%clk 00:45:09]} {[%emt 00:00:07]} Ka7
{[%clk 00:08:37]} {[%emt 00:00:20]} 64. Rh6 {[%clk 00:44:52]} {[%emt 00:00:32]}
Kb7 {[%clk 00:07:47]} {[%emt 00:01:05]} 65. Kb5 {[%clk 00:45:01]} Kc8 {[%clk
00:07:34]} {[%emt 00:00:34]} 66. Rh7 {[%clk 00:45:05]} Kd8 {[%clk 00:07:35]}
{[%emt 00:00:24]} 67. Kb6 {[%clk 00:45:09]} Ke8 {[%clk 00:07:30]} {[%emt
00:00:32]} 68. f5 {[%clk 00:45:18]} Kd8 {[%clk 00:07:17]} {[%emt 00:00:34]} 69.
c4 {[%clk 00:45:23]} Ke8 {[%clk 00:06:58]} {[%emt 00:00:44]} 70. c5 {[%clk
00:45:29]} Kd8 {[%clk 00:06:53]} {[%emt 00:00:29]} 71. c6 {[%clk 00:45:36]} Ke8
{[%clk 00:06:28]} {[%emt 00:00:48]} 72. f6 {[%clk 00:45:44]} Kf8 {[%clk
00:06:21]} {[%emt 00:00:29]} 73. c7 {[%clk 00:45:50]} 1-0

[Event "DEM U8 2025"]
[Site "Willingen GER"]
[Date "2025.06.12"]
[Round "3"]
[White "Bektas, Luey"]
[Black "Falck, Aaron"]
[Result "1-0"]
[Termination "normal"]
[Board "21"]
[WhiteElo "1053"]
[BlackElo "989"]
[WhiteClock "00:26:44"]
[BlackClock "00:10:23"]
[PlyCount "145"]
[WhiteFideId "533024642"]
[BlackFideId "533031002"]
[EventCountry "GER"]
[EventRounds "7"]
[EventType "swiss"]
[EventDate "2025.06.10"]

1. e4 {[%clk 01:00:27]} {[%emt 00:00:02]} e5 {[%clk 01:00:20]} {[%emt
00:00:10]} 2. Nf3 {[%clk 01:00:34]} {[%emt 00:00:08]} Nc6 {[%clk 01:00:23]}
{[%emt 00:00:13]} 3. Bc4 {[%clk 01:00:32]} {[%emt 00:00:16]} Nf6 {[%clk
01:00:27]} {[%emt 00:00:12]} 4. Ng5 {[%clk 01:00:35]} {[%emt 00:00:13]} d5
{[%clk 01:00:26]} {[%emt 00:00:15]} 5. exd5 {[%clk 01:00:43]} {[%emt 00:00:07]}
b5 {[%clk 01:00:16]} {[%emt 00:00:25]} 6. dxc6 {[%clk 00:59:17]} {[%emt
00:01:41]} bxc4 {[%clk 01:00:05]} {[%emt 00:00:26]} 7. O-O {[%clk 00:58:32]}
{[%emt 00:01:00]} h6 {[%clk 01:00:10]} {[%emt 00:00:09]} 8. Nf3 {[%clk
00:58:24]} {[%emt 00:00:24]} e4 {[%clk 01:00:04]} {[%emt 00:00:20]} 9. Re1
{[%clk 00:56:31]} {[%emt 00:02:08]} Be6 {[%clk 00:57:14]} {[%emt 00:03:06]} 10.
Ne5 {[%clk 00:54:39]} {[%emt 00:02:03]} Bd6 {[%clk 00:56:21]} {[%emt 00:00:32]}
11. Nd7 {[%clk 00:54:10]} {[%emt 00:01:24]} Bxd7 {[%clk 00:51:15]} {[%emt
00:05:21]} 12. cxd7+ {[%clk 00:53:56]} {[%emt 00:00:27]} Qxd7 {[%clk 00:51:19]}
{[%emt 00:00:13]} 13. Nc3 {[%clk 00:53:50]} {[%emt 00:00:20]} O-O {[%clk
00:46:42]} {[%emt 00:04:52]} 14. Nxe4 {[%clk 00:53:11]} {[%emt 00:00:55]} Nxe4
{[%clk 00:44:25]} {[%emt 00:02:32]} 15. Rxe4 {[%clk 00:52:21]} {[%emt
00:01:04]} Qc6 {[%clk 00:41:17]} {[%emt 00:03:24]} 16. Qe2 {[%clk 00:50:10]}
{[%emt 00:02:31]} Rfe8 {[%clk 00:38:18]} {[%emt 00:03:13]} 17. d3 {[%clk
00:49:30]} {[%emt 00:00:56]} f5 {[%clk 00:37:03]} {[%emt 00:01:29]} 18. Rxe8+
{[%emt 00:01:16]} Rxe8 {[%emt 00:00:34]} 19. Be3 {[%clk 00:47:04]} {[%emt
00:00:51]} f4 {[%clk 00:36:42]} {[%emt 00:00:36]} 20. dxc4 {[%clk 00:46:51]}
{[%emt 00:00:28]} fxe3 {[%clk 00:36:08]} {[%emt 00:00:50]} 21. fxe3 {[%clk
00:46:40]} {[%emt 00:00:26]} Bc5 {[%clk 00:35:25]} {[%emt 00:01:00]} 22. Kh1
{[%clk 00:45:44]} {[%emt 00:01:10]} Rxe3 {[%clk 00:34:14]} {[%emt 00:01:26]}
23. Qd2 {[%emt 00:00:58]} Re8 {[%clk 00:33:49]} {[%emt 00:00:01]} 24. b4 {[%clk
00:45:16]} {[%emt 00:00:38]} Qf6 {[%clk 00:32:31]} {[%emt 00:01:32]} 25. Qd5+
{[%clk 00:43:39]} {[%emt 00:01:54]} Kh8 {[%clk 00:32:03]} {[%emt 00:00:43]} 26.
Rb1 {[%clk 00:42:56]} {[%emt 00:00:58]} Qh4 {[%clk 00:29:56]} {[%emt 00:02:20]}
27. Qxc5 {[%clk 00:42:18]} {[%emt 00:00:54]} Re1+ {[%clk 00:27:53]} {[%emt
00:02:17]} 28. Rxe1 {[%clk 00:42:18]} {[%emt 00:00:15]} Qxe1+ {[%clk 00:27:56]}
{[%emt 00:00:13]} 29. Qg1 {[%clk 00:42:26]} {[%emt 00:00:08]} Qxb4 {[%clk
00:26:58]} {[%emt 00:01:13]} 30. Qxa7 {[%clk 00:42:24]} {[%emt 00:00:15]} Qe1+
{[%clk 00:26:11]} {[%emt 00:01:04]} 31. Qg1 {[%emt 00:01:02]} Qd2 {[%clk
00:25:51]} {[%emt 00:00:32]} 32. Qb1 {[%clk 00:41:06]} {[%emt 00:00:48]} Qe2
{[%clk 00:25:29]} {[%emt 00:00:37]} 33. h3 {[%clk 00:40:15]} {[%emt 00:01:07]}
Qxc4 {[%clk 00:25:25]} {[%emt 00:00:19]} 34. Qb3 {[%clk 00:39:38]} {[%emt
00:00:52]} Qf1+ {[%clk 00:25:11]} {[%emt 00:00:28]} 35. Kh2 {[%clk 00:39:21]}
{[%emt 00:00:33]} Qf4+ {[%clk 00:25:17]} {[%emt 00:00:08]} 36. Qg3 {[%clk
00:39:22]} {[%emt 00:00:14]} Qc4 {[%clk 00:24:40]} {[%emt 00:00:51]} 37. Qd3
{[%clk 00:38:12]} {[%emt 00:01:26]} Qf4+ {[%clk 00:24:33]} {[%emt 00:00:23]}
38. g3 {[%emt 00:00:41]} Qf2+ {[%clk 00:24:19]} 39. Kh1 {[%clk 00:38:13]}
{[%emt 00:00:17]} Qe1+ {[%clk 00:23:48]} {[%emt 00:00:46]} 40. Kg2 {[%clk
00:38:17]} {[%emt 00:00:11]} Qb1 {[%clk 00:23:12]} {[%emt 00:00:46]} 41. Qb3
{[%clk 00:36:46]} {[%emt 00:01:51]} Qd1 {[%clk 00:22:17]} {[%emt 00:01:07]} 42.
Qd3 {[%clk 00:35:55]} {[%emt 00:01:08]} Qb1 {[%clk 00:21:50]} {[%emt 00:00:43]}
43. a4 {[%clk 00:35:53]} {[%emt 00:00:18]} Qb7+ {[%clk 00:21:30]} {[%emt
00:00:34]} 44. Qf3 {[%clk 00:35:21]} {[%emt 00:00:47]} Qa7 {[%clk 00:20:52]}
{[%emt 00:00:52]} 45. Qf8+ {[%clk 00:33:42]} {[%emt 00:01:54]} Kh7 {[%clk
00:20:53]} {[%emt 00:00:14]} 46. Qf5+ {[%clk 00:32:43]} {[%emt 00:01:14]} Kh8
{[%clk 00:20:32]} {[%emt 00:00:35]} 47. Qe4 {[%clk 00:32:34]} {[%emt 00:00:25]}
Qa5 {[%clk 00:20:06]} {[%emt 00:00:41]} 48. Kf3 {[%clk 00:32:20]} {[%emt
00:00:29]} Qc3+ {[%clk 00:19:47]} {[%emt 00:00:34]} 49. Kf4 {[%clk 00:31:36]}
{[%emt 00:00:59]} Qf6+ {[%clk 00:19:40]} {[%emt 00:00:22]} 50. Ke3 {[%clk
00:31:20]} {[%emt 00:00:32]} Qg5+ {[%clk 00:19:20]} {[%emt 00:00:35]} 51. Kf2
{[%clk 00:31:05]} {[%emt 00:00:30]} Qc5+ {[%clk 00:19:08]} {[%emt 00:00:26]}
52. Kg2 {[%clk 00:30:57]} {[%emt 00:00:24]} Qg5 {[%clk 00:17:50]} {[%emt
00:01:31]} 53. g4 {[%clk 00:30:18]} {[%emt 00:00:55]} Qd2+ {[%clk 00:17:15]}
{[%emt 00:00:51]} 54. Kg3 {[%clk 00:30:00]} {[%emt 00:00:33]} Qd6+ {[%clk
00:15:48]} {[%emt 00:01:43]} 55. Kf3 {[%clk 00:28:40]} {[%emt 00:01:31]} Qf6+
{[%clk 00:15:39]} {[%emt 00:00:26]} 56. Ke2 {[%clk 00:28:08]} {[%emt 00:00:48]}
Qa6+ {[%clk 00:15:33]} {[%emt 00:00:21]} 57. Ke1 {[%clk 00:27:41]} {[%emt
00:00:40]} Qa5+ {[%clk 00:15:26]} {[%emt 00:00:22]} 58. Kd1 {[%clk 00:27:30]}
{[%emt 00:00:22]} Qa6 {[%clk 00:14:55]} {[%emt 00:00:36]} 59. Qe8+ {[%clk
00:26:45]} {[%emt 00:01:15]} Kh7 {[%clk 00:14:15]} {[%emt 00:00:55]} 60. Qb5
{[%emt 00:00:13]} Qd6+ {[%clk 00:13:50]} {[%emt 00:00:39]} 61. Qd3+ {[%clk
00:26:51]} {[%emt 00:00:13]} Kg8 {[%clk 00:13:22]} {[%emt 00:01:14]} 62. Qxd6
{[%clk 00:26:58]} {[%emt 00:00:12]} cxd6 {[%clk 00:13:05]} {[%emt 00:00:33]}
63. a5 {[%clk 00:26:49]} {[%emt 00:00:24]} Kh7 {[%emt 00:00:27]} 64. a6 {[%emt
00:00:07]} d5 {[%clk 00:10:36]} {[%emt 00:02:10]} 65. a7 {[%clk 00:26:59]}
{[%emt 00:00:06]} d4 {[%clk 00:10:44]} {[%emt 00:00:06]} 66. a8=Q {[%clk
00:26:47]} {[%emt 00:00:15]} g6 {[%clk 00:10:52]} {[%emt 00:00:18]} 67. Kd2
{[%clk 00:26:56]} {[%emt 00:00:08]} d3 {[%clk 00:10:38]} {[%emt 00:00:26]} 68.
c4 {[%clk 00:26:37]} {[%emt 00:00:36]} Kg7 {[%clk 00:10:36]} {[%emt 00:00:17]}
69. c5 {[%emt 00:00:36]} Kh7 {[%clk 00:10:37]} {[%emt 00:00:11]} 70. c6 {[%clk
00:26:27]} {[%emt 00:00:08]} Kg7 {[%clk 00:10:36]} {[%emt 00:00:13]} 71. c7
{[%clk 00:26:39]} {[%emt 00:00:06]} Kf6 {[%clk 00:10:30]} {[%emt 00:00:20]} 72.
c8=Q {[%clk 00:26:41]} {[%emt 00:00:12]} Kg5 {[%clk 00:10:23]} {[%emt
00:00:23]} 73. Qd5+ {[%clk 00:26:44]} {[%emt 00:00:12]} Kh4 {[%clk 00:10:02]}
{[%emt 00:00:36]} 74. Qg2 {[%clk 00:26:48]} {[%emt 00:00:11]} g5 {[%clk
00:09:37]} {[%emt 00:00:40]} 75. Qe8 {[%clk 00:26:54]} {[%emt 00:00:09]} h5
{[%clk 00:09:12]} {[%emt 00:00:38]} 76. Qxh5# {[%clk 00:26:45]} {[%emt
00:00:08]} 1-0

[Event "DEM U8 2025"]
[Site "Willingen GER"]
[Date "2025.06.12"]
[Round "3"]
[White "Breger, Jonathan"]
[Black "Fredrich, Tarje"]
[Result "1-0"]
[Termination "normal"]
[Board "22"]
[WhiteElo "1019"]
[BlackElo "1052"]
[WhiteClock "00:51:05"]
[BlackClock "00:49:53"]
[PlyCount "49"]
[WhiteFideId "533035768"]
[BlackFideId "533031258"]
[EventCountry "GER"]
[EventRounds "7"]
[EventType "swiss"]
[EventDate "2025.06.10"]

1. e4 {[%clk 01:00:27]} {[%emt 00:00:03]} e5 {[%clk 01:00:18]} {[%emt
00:00:12]} 2. Nf3 {[%clk 01:00:27]} {[%emt 00:00:15]} Nc6 {[%clk 01:00:16]}
{[%emt 00:00:18]} 3. d4 {[%clk 01:00:33]} {[%emt 00:00:09]} exd4 {[%clk
01:00:03]} {[%emt 00:00:26]} 4. Nxd4 {[%clk 01:00:27]} {[%emt 00:00:23]} Nf6
{[%clk 00:59:50]} {[%emt 00:00:19]} 5. Nxc6 {[%clk 01:00:29]} {[%emt 00:00:22]}
bxc6 {[%clk 00:59:23]} {[%emt 00:00:31]} 6. e5 {[%clk 01:00:26]} {[%emt
00:00:29]} Nd5 {[%clk 00:59:03]} {[%emt 00:00:26]} 7. c4 {[%clk 01:00:17]}
{[%emt 00:00:33]} Nb6 {[%clk 00:58:27]} {[%emt 00:00:35]} 8. Nc3 {[%clk
00:59:12]} {[%emt 00:01:36]} Ba6 {[%emt 00:00:22]} 9. c5 {[%emt 00:00:50]} Bxf1
{[%clk 00:57:09]} {[%emt 00:00:21]} 10. Rxf1 {[%clk 00:58:54]} {[%emt
00:00:33]} Bxc5 {[%clk 00:57:03]} {[%emt 00:00:19]} 11. Ne4 {[%clk 00:58:35]}
{[%emt 00:00:35]} Bb4+ {[%clk 00:56:17]} {[%emt 00:00:56]} 12. Bd2 {[%clk
00:57:10]} {[%emt 00:01:46]} Qh4 {[%clk 00:56:04]} {[%emt 00:00:17]} 13. Ng3
{[%clk 00:54:40]} {[%emt 00:02:46]} Bxd2+ {[%clk 00:56:08]} {[%emt 00:00:20]}
14. Qxd2 {[%clk 00:54:16]} {[%emt 00:00:39]} Qxh2 {[%clk 00:55:56]} {[%emt
00:00:23]} 15. O-O-O {[%clk 00:53:30]} {[%emt 00:01:06]} O-O {[%clk 00:55:39]}
{[%emt 00:00:32]} 16. Qd3 {[%clk 00:51:41]} {[%emt 00:02:04]} Qxg2 {[%emt
00:00:54]} 17. Rh1 {[%emt 00:00:24]} h6 {[%clk 00:54:09]} {[%emt 00:00:15]} 18.
Nf5 {[%clk 00:51:18]} {[%emt 00:00:50]} Qg5+ {[%clk 00:53:45]} {[%emt
00:00:32]} 19. Kb1 {[%clk 00:50:51]} {[%emt 00:00:49]} Qg6 {[%clk 00:51:38]}
{[%emt 00:02:04]} 20. Nxh6+ {[%emt 00:00:50]} Qxh6 21. Rxh6 {[%emt 00:00:14]}
gxh6 {[%clk 00:50:26]} {[%emt 00:00:40]} 22. Rg1+ {[%clk 00:51:08]} {[%emt
00:00:12]} Kh8 {[%emt 00:00:14]} 23. Qh3 {[%emt 00:00:20]} Kh7 {[%clk
00:49:53]} {[%emt 00:00:10]} 24. Qf5+ {[%clk 00:51:05]} {[%emt 00:00:23]} Kh8
{[%emt 00:00:15]} 25. Qf6+ {[%clk 00:51:05]} {[%emt 00:00:10]} 1-0